| 000 | 00818nam a2200265Ia 4500 | ||
|---|---|---|---|
| 003 | OSt | ||
| 005 | 20220927105859.0 | ||
| 006 | a|||||r|||| 00| 0 | ||
| 007 | ta | ||
| 008 | 220926b |||||||| |||| 00| 0 eng d | ||
| 024 | _a27750 | ||
| 037 | _cReference Collections | ||
| 040 |
_aRTL _cRTL _beng |
||
| 041 |
_2eng _aeng |
||
| 082 | _a"X:54.20k59B.N6, K6" | ||
| 110 |
_aINDIA INSTITUTE OF FOREIGN TRADE. _9375537 |
||
| 245 | 0 | _aIndia's trade with East Europe | |
| 260 |
_aNew _b"Delhi Directorate of Commercial Publicity, Ministry of Commerce" _c1966 |
||
| 300 |
_a"ii, 76p. Tables" _ccm. |
||
| 650 | _a Economics | ||
| 650 | _aInternational Trade | ||
| 700 |
_aINDIA INSTITUTE OF FOREIGN TRADE. _9375538 |
||
| 942 |
_h"X:54.20k59B.N6, K6" _cCC |
||
| 999 |
_c695059 _d695059 |
||